000 00948nmc a2200313 a 4500
003 AR-BaBNM
005 20251128210710.0
008 106020s2005 ||||||||||||||000 | spa||
020 _a84-95294-76-1
040 _cAR-BaBNM
100 1 _aFinardi, Marta
245 1 0 _aEl malestar en la escuela
_buna perspectiva psicopedagógica del sentido del aprendizaje escolar para el niño
250 _a1ª ed.
260 _aMadrid
_c2005
_bMiño y Dávila Editores
300 0 _a195 p.
490 0 _aEnfoques en educación
650 4 _aAPRENDIZAJE ESCOLAR
650 4 _aPROCESO DE APRENDIZAJE
650 4 _aPSICOLOGIA DE LA EDUCACION
650 4 _aPARTICIPACION DEL ALUMNO
650 4 _aRELACION ALUMNO-DOCENTE
650 4 _aPAPEL DE LA ESCUELA
650 4 _aRESULTADOS DE INVESTIGACION
650 4 _aMETODOS DE INVESTIGACION
700 1 _aReboiras, Juan Carlos
800 1 _aAlliaud, Andrea
942 _cBK
998 _cme-solo cat
999 _c16499
_d16499